000 00309nam a22001217a 4500
008 170529b xxu||||| |||| 00| 0 eng d
041 _aeng
080 _a0130442496
_b621
100 _a27
101 _aIM
245 _aAPPLEAD DIGITAL CONTROL THEORY DESIGN IMPLEMENTATION
_cLEIGH.J.R
942 _2udc
_cBK
999 _c14823
_d14823